Specificity of milk peptide utilization by lactococcus lactis /
Đã lưu trong:
| Údair Eile: | , , , |
|---|---|
| Formáid: | Bài viết |
| Teanga: | English |
| Ábhair: | |
| Clibeanna: |
Cuir Clib Leis
Gan Chlibeanna, Bí ar an gcéad duine leis an taifead seo a chlibeáil!
|
| Thư viện lưu trữ: | Thư viện Trường Đại học Đà Lạt |
|---|
| LEADER | 00994nam a2200337 4500 | ||
|---|---|---|---|
| 001 | DLU090091403 | ||
| 005 | ##20091201 | ||
| 040 | # | # | |a DLU |b eng |
| 041 | # | # | |a eng |
| 044 | # | # | |a us |
| 245 | # | # | |a Specificity of milk peptide utilization by lactococcus lactis / |c Vincent Juillard ... [et al.]. |
| 653 | # | # | |a Amino acids |
| 653 | # | # | |a Lactococcus lactis |
| 653 | # | # | |a Microorganism culture |
| 653 | # | # | |a Microorganism growth |
| 653 | # | # | |a Milk |
| 653 | # | # | |a Peptides |
| 700 | # | # | |a Bars, Dominique Le. |
| 700 | # | # | |a Gripon, Jean-Claude. |
| 700 | # | # | |a Guillot, Alain. |
| 700 | # | # | |a Juillard, Vincent. |
| 773 | # | # | |t Applied and Environmental Microbiology |g Vol. 64, no. 4 (April 1998), p. 1230-1236 |
| 920 | # | # | |a Phòng Tạp chí -- Trung tâm Thông tin - Thư viện Trường Đại học Đà Lạt |
| 994 | # | # | |a DLU |
| 900 | # | # | |a True |
| 911 | # | # | |a Trương Bảo Trâm Anh |
| 925 | # | # | |a G |
| 926 | # | # | |a A |
| 927 | # | # | |a BB |
| 980 | # | # | |a Thư viện Trường Đại học Đà Lạt |